logo

Bir Sreshtho Munshi Abdur Rouf Library
Jhenaidah Cadet College

365 animal tales / (Record no. 11785)

MARC details
000 -LEADER
fixed length control field 00519nam a2200217 a 4500
001 - CONTROL NUMBER
JCCL Control Number 11785
003 - CONTROL NUMBER IDENTIFIER
JCCL marc code BD-JhCC
005 - DATE AND TIME OF LATEST TRANSACTION
control field 20201014135803.0
008 - FIXED-LENGTH DATA ELEMENTS--GENERAL INFORMATION
fixed length control field 201014s2014 ii a|||| |||| 000 0 eng d
020 ## - INTERNATIONAL STANDARD BOOK NUMBER
International Standard Book Number 9788187107521
035 ## - SYSTEM CONTROL NUMBER
system control number (BD-JhCC)11785
040 ## - CATALOGING SOURCE
Original cataloging agency BD-JhCC
Modifying agency BD-JhCC
041 ## - LANGUAGE CODE
Language code of Book eng
082 ## - DEWEY DECIMAL CLASSIFICATION NUMBER
Classification number 823.8208
Author mark and Year ANI 2018
245 ## - TITLE STATEMENT
Title 365 animal tales /
260 ## - PUBLICATION, DISTRIBUTION, ETC. (IMPRINT)
Place of publication, distribution, etc India :
Name of publisher, distributor, etc OM KIDZ,
Date of publication, distribution, etc 2017.
300 ## - PHYSICAL DESCRIPTION
Pagination 231,
Other physical details illus. ;
490 ## - SERIES STATEMENT
Series statement 365
650 ## - SUBJECT ADDED ENTRY--TOPICAL TERM
Topical term or geographic name as entry element Children's stories, English
942 ## - ADDED ENTRY ELEMENTS (KOHA)
Source of classification or shelving scheme Dewey Decimal Classification
Koha item type Books
Holdings
Source of classification or shelving scheme Damaged status Not for loan Home library Current library Shelving location Date of accession Cost, normal purchase price Total Checkouts Full call number Barcode Date last seen Copy number Koha item type
Dewey Decimal Classification   Not For Loan JCC Rouf Library JCC Rouf Library General Stacks 10/14/2020 1071.00   823.8208 ANI 2018 15993 10/14/2020 C-1 Books

JCC Library | Contacts | JCC Home

Last Update on 23 September 2017
Copyright @ 2017-2020 JCC Rouf Library
Rouf Library, Jhenidah Cadet College (JCC), Bangladesh